000 00339nam a22001217a 4500
040 _cHS
082 _a338
100 _aហួត វុត្ថា
245 _aព្រៃឈើ និងព្រៃលិចទឹកនៅកម្ពុុជា
260 _aRUA
_bហួត វុត្ថា
_c2006
300 _a136p;
942 _cKB
999 _c9706
_d9706